1198 1120 1308 1321 1522 1926 1768 1303 1908 1370 1756 1826 1117 1798 1264 1055 1278 1041 1064 1984 1475 1964 1956 1484 1935 1462 1143 1176 1150 1682 1615 1878 1913 1479 1283 1564 1372 1001 1796 1190 1340 1421 1941 1744 1572 1505 1163 1079 1303 1053 1021 1344 1146 1721 1832 1672 1564 1655 1691 1595 1825 1449 1484 1064 1088 1373 1736 1504 1063 1823 1137 1066 1587 1205 1119 1540 1902 1933 1519 1171 1115 1718 1261 1733 1447 1220 1050 1285 1006 1915 1291 1070 1445 1578 2000 1571 1293 1966 1510 BCNSPRNW ULIB Ver.6.0+V

เปลี่ยนเป็นภาษาไทย

Change to English
 แสดงรายละเอียดบรรณานุกรม
  กลับหน้าหลัก

Brief Record : Get Marc (ISO 2709) : E-mail record : QR code < ปิดหน้าต่าง
LEADER : 00000nam 2200000uu 4500
001    13399121208
003     ULIB
008    121108s2554||||th 000 0 tha d
020    ^a9786165490207
060 04 ^aQZ200^bต694ม
100 0  ^aเต็มดวง ลิ้มไพบูลย์
245 10 ^aมะเร็งวิทยาระดับโมเลกุล =^bMolecular oncology /^cเต็มดวง ลิ้มไพบูลย์
260    ^aขอนแก่น :^bขอนแก่นการพิมพ์,^c2554
300    ^avi, 301 หน้า :^bภาพประกอบ ;^c30 ซม.
650  4 ^aมะเร็ง^xการวินิจฉัยจากเซลล์
710 2  ^aมหาวิทยาลัยขอนแก่น. ^bคณะเทคนิคการแพทย์
945    ^p550^l0^i032989
945    ^p550^l0^i032990
995    ^a เกษร
999    ^aใช้งานได้ทุกระบบ
รายการนี้ยังไม่มีแท็ก
คุณยังไม่ได้ล็อกอิน คุณสามารถมีกิจกรรมร่วมกับเว็บไซต์ได้ แต่ต้องล็อกอินก่อน ::
  ล็อกอิน

รายการสื่อสารสนเทศ

ลำดับที่ ประเภท เลขเรียก/บาร์โค้ด สถานที่ สถานะ
1. วิทยาศาสตร์การแพทย์ และสุขภาพ
หนังสือสำรอง
สถานะ=หนังสือสำรอง
QZ200 ต694ม ฉ.1 
  Barcode: 032989
ห้องสมุดวิทยาเขตสวรรค์ประชารักษ์
►ส่วนจัดเก็บหนังสือเก่า สปร
บนชั้น
  ขอยืม
2. วิทยาศาสตร์การแพทย์ และสุขภาพ
วิทยาศาสตร์การแพทย์ และสุขภาพ
QZ200 ต694ม ฉ.2 
  Barcode: 032990
ห้องสมุดวิทยาเขตสวรรค์ประชารักษ์
►ส่วนจัดเก็บหนังสือเก่า สปร
บนชั้น
  ขอยืม

รายการใกล้เคียง
    ผู้แต่ง [เต็มดวง ลิ้มไพบูลย์]

BibComment


ยังไม่เคยถูกคอมเมนท์

คอมเมนท์ทรัพยากรรายการนี้
  คอมเมนท์: มะเร็งวิทยาระดับ..


 Copyright 2026. Bcnsprnw @Library